5HLuxD.jpg

KING HENRY VIII SENIOR AND PRIMARY SCHOOL LIBRARY OPAC

Malala : (Record no. 477)

000 -LEADER
fixed length control field 00820nam a22002297a 4500
005 - DATE AND TIME OF LATEST TRANSACTION
control field 20190816082645.0
008 - FIXED-LENGTH DATA ELEMENTS--GENERAL INFORMATION
fixed length control field 190816b ||||| |||| 00| 0 eng d
020 ## - INTERNATIONAL STANDARD BOOK NUMBER
International Standard Book Number 9781780622149
Qualifying information hbk.
040 ## - CATALOGING SOURCE
Transcribing agency KH8
082 ## - DEWEY DECIMAL CLASSIFICATION NUMBER
Classification number 921 YOU
100 ## - MAIN ENTRY--PERSONAL NAME
Personal name Yousafzai, Malala
Dates associated with a name 1997-
245 ## - TITLE STATEMENT
Title Malala :
Remainder of title The Girl Who Stood Up for Education and Changed the World /
Statement of responsibility, etc. Malala Yousafzai, Patricia McCormick.
260 ## - PUBLICATION, DISTRIBUTION, ETC.
Place of publication, distribution, etc. London :
Name of publisher, distributor, etc. Indigo,
Date of publication, distribution, etc. 2014.
300 ## - PHYSICAL DESCRIPTION
Extent 245 p. ;
Other physical details ill. : map ;
Dimensions 24 cm.
500 ## - GENERAL NOTE
General note Includes Mala Discussion notes p. 233-244
500 ## - GENERAL NOTE
General note Glossary
650 ## - SUBJECT ADDED ENTRY--TOPICAL TERM
Topical term or geographic name entry element Yousafzai, Malala
Form subdivision 1997
General subdivision Juvenile literature.
650 ## - SUBJECT ADDED ENTRY--TOPICAL TERM
Topical term or geographic name entry element Taliban
Form subdivision Juvenile literature.
650 ## - SUBJECT ADDED ENTRY--TOPICAL TERM
Topical term or geographic name entry element Girls
Form subdivision Education
General subdivision Pakistan
Chronological subdivision Juvenile literature.
Geographic subdivision Swāt District
700 ## - ADDED ENTRY--PERSONAL NAME
Personal name McCormick, Patricia
Relator term author
942 ## - ADDED ENTRY ELEMENTS (KOHA)
Source of classification or shelving scheme
Koha item type Books - Non Ficton
Holdings
Withdrawn status Lost status Source of classification or shelving scheme Damaged status Not for loan Collection code Permanent Location Current Location Shelving location Date acquired Full call number Barcode Date last seen Price effective from Koha item type
          Non-Fiction KH8 Senior School Library KH8 Senior School Library Non Fiction 2019-08-16 921 YOU 3KHSL000100195 2019-08-16 2019-08-16 Books - Non Ficton

Powered By KH8 IT Dept